000 00719nam a2200193Ia 4500
003 GCL
008 140319s9999 xx 000 0 ara d
040 _aGCL /
_cGCL
082 0 4 _a811.5
_bا م
100 1 _aالاصبهانى، ابوبكر محمد
245 1 0 _aمن كتاب الزهرة /
_cالاصبهانى، ابوبكر محمد
700 1 _aخالد محيى الدين البرادعى
260 _a[S.N] :
_bمنشورات وزارة الثقافة ،
_c1992
490 _aالمختار من التراث العربى
_v0
650 0 4 _aالشعر العربى
650 0 4 _aدواوين وقصائد
650 0 4 _aالشعر العربى - العصر العباسى الاول
942 _2ddc
_cBK
999 _c36932
_d36932